000 00198nmm a2200085Ia 4500
008 220120s9999||||xx |||||||||||||||||und||
100 _aLFY DVD
245 0 _aSolaries express developer
260 _c2007
999 _c138547
_d138547